000 00602nam a22002417a 4500
001 115074
003 UA-OsUOA
005 20210504122831.0
007 ta
008 20151204b un ||||| |||| 00| 0 ukr d
040 _aUA-OsUOA
_bspa
_cUA-OsUOA
_dUA-OsUOA
041 _aspa
080 _a22.07
090 _a22.07
100 _aField F.
245 _aOrigenis Hexapla
_bT. 1
260 _aHildesheim
_bGOV
_c1964
300 _a1118 p.
650 7 _a22 Біблія. Святе писання
_2UDC
942 _cBK
_2udc
955 _a2
999 _c401195
_d401195